00280nam a2200121Ia 45000030006000000080041000060400015000471000016000622450035000782600016001135460012001290050017001410STCL150530s9999 xx 000 0 und d aSTCLcSTCL aGupta, D.C. aIndian Government and Politics bVikasc1978 aEnglish20220125165448.0